How many epistemologies should guide the production of scientific knowledge? : A response to Maffie, Mendieta, and Wylie : symposium : Sandra Harding's science and social inequality : Feminist and postcolonial issues /
Đã lưu trong:
| Tác giả chính: | |
|---|---|
| Định dạng: | Bài viết |
| Ngôn ngữ: | English |
| Những chủ đề: | |
| Các nhãn: |
Thêm thẻ
Không có thẻ, Là người đầu tiên thẻ bản ghi này!
|
| Thư viện lưu trữ: | Thư viện Trường Đại học Đà Lạt |
|---|
| LEADER | 00960nam a2200289 4500 | ||
|---|---|---|---|
| 001 | DLU090069913 | ||
| 005 | ##20090514 | ||
| 040 | # | # | |a DLU |b eng |
| 041 | # | # | |a eng |
| 044 | # | # | |a US |
| 100 | # | # | |a Harding, Sandra. |
| 245 | # | # | |a How many epistemologies should guide the production of scientific knowledge? : A response to Maffie, Mendieta, and Wylie : |b symposium : Sandra Harding's science and social inequality : Feminist and postcolonial issues / |c Sandra Harding. |
| 653 | # | # | |a Constructivism |
| 653 | # | # | |a Feminism |
| 653 | # | # | |a Science |
| 653 | # | # | |a Social aspects |
| 653 | # | # | |a Theory of knowledge |
| 773 | # | # | |t Hypatia |g Vol. 23, no. 4 (Fall 2008), p. 212-219 |
| 920 | # | # | |a Phòng Tạp chí -- Trung tâm Thông tin - Thư viện Trường Đại học Đà Lạt |
| 994 | # | # | |a DLU |
| 900 | # | # | |a True |
| 911 | # | # | |a Trương Bảo Trâm Anh |
| 925 | # | # | |a G |
| 926 | # | # | |a A |
| 927 | # | # | |a BB |
| 980 | # | # | |a Thư viện Trường Đại học Đà Lạt |